[Event "EU-chT (Men) 17th"]
[Site "Novi Sad"]
[Date "2009.10.25"]
[Round "4"]
[White "Mamedyarov, Shakhriyar"]
[Black "Postny, Evgeny"]
[Result "1-0"]
[WhiteElo "2721"]
[BlackElo "2651"]
[Annotator "Postny,Evgeny"]
[PlyCount "97"]
[EventDate "2009.10.22"]
[EventType "team-swiss"]
[EventRounds "9"]
[EventCountry "YUG"]
[SourceTitle "CBM 133"]
[Source "ChessBase"]
[SourceDate "2009.11.19"]
[SourceVersion "1"]
[SourceVersionDate "2009.11.19"]
[SourceQuality "1"]
[WhiteTeam "Azerbaijan"]
[BlackTeam "Israel"]
[WhiteTeamCountry "AZE"]
[BlackTeamCountry "ISR"]

1. d4 d5 2. c4 c6 3. Nc3 Nf6 4. Nf3 dxc4 5. a4 e6 6. e4 (6. e3 c5 7. Bxc4 {leads to a position where White normally gets an isolated pawn and active piece play - very similar to a position which arises in the Queen's Gambit Accepted.}) 6... Bb4 7. Bxc4 $5 {That's a surprise! Obviously Shahriyar prepared this pawn sacrifice beforehand. Frankly speaking, sacrificing the central pawn for a couple of tempi should be not too promising against precise play. However, in practice it's far from easy and the current game proved it. On the top level this pawn sacrifice appeared only once - in a blitz game Anand-Rublevsky.} (7. e5 Nd5 8. Bd2 b5 9. axb5 Bxc3 10. bxc3 cxb5 {has appeared in practice enough times, including in my own games.}) (7. Bg5 {leads to one of the side lines of the Botvinnik Variation.}) 7... Nxe4 8. O-O Nf6 ({Grabbing the second pawn would be too greedy:} 8... Nxc3 $6 9. bxc3 Bxc3 10. Rb1 O-O 11. Qd3 Ba5 12. Ng5 g6 13. Qh3 h5 14. g4 $40) 9. Qe2 O-O {Black's position has no more weaknesses, but White is hoping to exploit his long-term initiative. This kind of play suits Shahriyar's aggressive style.} ({RR} 9... Nd5 10. Ne4 O-O 11. Rd1 Nd7 12. h4 N7f6 13. Ne5 Nxe4 14. Qxe4 Be7 15. h5 Bg5 16. Bd3 f5 17. Qf3 Bxc1 18. Raxc1 Qg5 19. Bc4 Nf6 20. Re1 Qxh5 21. Qg3 Re8 22. Qf4 g5 23. Qxf5 Kg7 24. Qd3 {Indjic,A (2651)-Howell,D (2668) chess.com INT 2025 1-0 (41)}) 10. Rd1 (10. Bg5 Be7 11. Rad1 a5 12. Ne5 Na6 13. Rd3 Nd5 14. Bc1 f6 15. Ng4 f5 16. Ne5 Nab4 17. Rh3 Qe8 18. Re1 b6 19. Nf3 Ra7 20. Qd1 Bf6 21. Ng5 h6 22. Nf3 Re7 $15 {1-0 Romanko,M (2398)-Korbut,E (2459)/Moscow RUS 2008/The Week in Chess 736 (76)}) 10... Nbd7 (10... b6 11. Bg5 Bb7 12. Ne5 Be7 13. Rd3 Nbd7 14. Rg3 Kh8 15. Rd1 Nd5 16. Bc1 f5 17. Bxd5 exd5 18. Rh3 Kg8 19. Nxc6 Bxc6 20. Qe6+ Rf7 21. Qxc6 $14 {½-½ Anand,V (2801)-Rublevsky,S (2676)/Moscow 2007/EXT 2008 (48)}) 11. Rd3 {The rook is going to the kingside. Black must be careful not to come under a dangerous attack.} Qc7 {I spent a lot of time trying to figure out the best setup. I think I adopted the logical plan of taking the e5 square under control.} 12. Ne5 $146 ({RR} 12. Bd2 Bd6 13. Re1 a6 14. Ng5 Re8 15. Rh3 Nf8 16. Nce4 Nxe4 17. Nxe4 Bf4 18. Bxf4 Qxf4 19. Rf3 Qc7 20. Rg3 Qe7 21. Qh5 Rd8 22. a5 Bd7 23. Ree3 Be8 24. h4 Kh8 25. Qe5 Ng6 26. Qc5 Qxc5 {Vorontsov,P (2374)-Sanal,V (2451) Gyor 2014 1-0 (76)}) 12... Bd6 13. Bf4 Nd5 14. Bg3 {White has to keep his e5 stronghold, but now his rook does not get to g3 or h3.} N7f6 15. Rf3 Nh5 $1 (15... Ne7 $4 {[%cal Ge7f5] would fail to} 16. Rxf6 $1 gxf6 17. Ne4 fxe5 18. dxe5 Bxe5 19. Nf6+ $18 {[%cal Gg3e5]}) 16. Rxf7 $1 {[%mdl 512] The only way to keep the initative.} (16. Bh4 $2 f6 17. Ng4 Nhf4 $17) (16. Ne4 $2 Nxg3 17. Rxg3 Bxe5 18. dxe5 Qxe5 $17) 16... Rxf7 17. Qxh5 Rf5 18. Qg4 {White is an exchange down, but has a certain compensation as the shelter of Black's king is now seriously weakened.} Bd7 (18... Qb6 19. Rb1 Qb4 (19... Nxc3 $2 20. Qxf5) 20. Ne4 Bf8 21. b3 $44 {Now it won't be easy for Black to complete the development of his queenside pieces.}) 19. Bd3 Bxe5 ({It was possible to keep the rook on f5:} 19... Nf6 $5 20. Qe2 Re8 {Perhaps Black is not worse.}) 20. dxe5 Nxc3 21. bxc3 Rf7 22. h4 $1 c5 23. Rd1 Re8 $2 {A natural move, but, actually here I missed my chance. I failed to sense that this was an important moment. I had to activate my queen.} (23... Qa5 $1 {[%csl Ra4,Rc3]} 24. Qe4 (24. Bc4 Qxa4 25. Rxd7 Qxd7 26. Bxe6 Qe7 $17) 24... g6 25. h5 (25. Qxb7 Qxa4 26. Qxa8+ Rf8 $17 {[%csl Rd1]}) 25... Qxa4 $17) 24. Bc2 a6 {Perhaps this plan is too slow, but it's not so easy to point out an improvement.} (24... Bc6 25. Rd6 $1 (25. Bb3 c4 $1 26. Bxc4 (26. Qxc4 Qa5 27. Qg4 Bd5 28. Bxd5 exd5 29. h5 Qxc3 30. Rxd5 $44) 26... Bxa4 27. Rd6 Bd7 {and Black has little to worry about. The a-pawn might become dangerous in the long run.}) 25... Qa5 26. Bb3 Kh8 27. Bxe6 Rfe7 28. Bf5 g6 29. Bxg6 $1 hxg6 30. Rxg6 Qd8 31. Qf5 $1 $40 {Not a forced line, but shows the potential of White's initiative.}) 25. h5 b5 (25... Bc6 26. Bg6 $1 hxg6 $140 $2 27. hxg6 Rd7 28. Rd6 $1 $18 {and Black will get mated after g4-h5-h7-h8 followed by g3-h4.}) 26. axb5 axb5 27. Bg6 $1 Bc8 (27... hxg6 $4 28. hxg6 {and Black is getting mated again on the h-file.}) 28. Rd6 (28. Bxf7+ Qxf7 29. h6 {is better for White, but he plays for more.}) 28... Ref8 29. Qe4 {Mamedyarov does not bother himself to get back the exchange, correctly assuming that the bishop is stronger than the rook in this position.} h6 30. f3 Rd7 31. Kh2 Qb7 32. Qh4 Rxd6 (32... b4 33. Be4 Qa7 34. Qg4 (34. Rxe6 $6 Bb7 $132) 34... Rxd6 35. exd6 Qf7 36. cxb4 cxb4 37. Be5 b3 {White seems in control, but there is nothing concrete yet.}) 33. exd6 b4 34. c4 $1 {It is in White's interest to keep more material on the board.} Bd7 $2 {The last mistake. I was eager to take my bishop out, but it was necessary to push the b-pawn as far as possible.} (34... b3 35. Be5 Qd7 {was the least of the evils. The b-pawn is annoying for White.} (35... b2 $2 36. Qe7 $1 b1=Q 37. Bxb1 Qxe7 38. dxe7 Re8 39. Bd6 $16)) 35. Qe7 Bc6 (35... Bc8 36. Be5 {with full domination.}) 36. Qxe6+ Kh8 37. Qe3 $1 {Now my position is collapsing.} Qa7 (37... b3 38. Be5 Kg8 39. Qxc5 Bxf3 40. gxf3 Qxf3 41. Qd5+ Qxd5 42. cxd5 $18) 38. Bc2 (38. Be5 {[%csl Rh6][%cal Ge3h6]} Kg8 39. Bb2 {would have been even more precise.}) 38... Qf7 (38... Ba4 39. Bb1 Qf7 40. Qxc5 $18) 39. Qxc5 $18 Be8 40. Bg6 Qd7 41. Qxb4 Bxg6 42. hxg6 Qe6 43. c5 {White's two passed pawns easily decide the game.} Qd5 44. Bf2 Qe5+ 45. Kg1 Ra8 46. g4 $1 Qd5 47. Qf4 Rd8 48. Bd4 Kg8 49. Qe5 1-0

[Event "Tashkent FIDE GP"]
[Site "Tashkent"]
[Date "2014.10.24"]
[Round "4"]
[White "Mamedyarov, Shakhriyar"]
[Black "Nakamura, Hikaru"]
[Result "1/2-1/2"]
[WhiteElo "2764"]
[BlackElo "2764"]
[Annotator "Krasenkow,Michal"]
[PlyCount "68"]
[EventDate "2014.10.21"]
[EventType "tourn"]
[EventRounds "11"]
[EventCountry "UZB"]
[EventCategory "21"]
[SourceTitle "CBM 163"]
[Source "ChessBase"]
[SourceDate "2014.11.11"]
[SourceVersion "1"]
[SourceVersionDate "2014.11.11"]
[SourceQuality "1"]

1. d4 {Edouard,Romain} d5 2. c4 e6 3. Nc3 Be7 4. cxd5 exd5 5. Bf4 c6 6. e3 Bf5 7. g4 Be6 8. h4 ({RR} 8. h3) 8... Nd7 9. h5 Nh6 {This move, originating from Kasparov-Karpov (World Championship match 1985), is the most popular continuation in this position nowadays.} 10. Be2 (10. f3 f5 $5 11. Bxh6 gxh6 12. gxf5 Bxf5 13. Bd3 Bh4+ 14. Ke2 Bxd3+ 15. Qxd3 Qe7 16. f4 Rg8 17. Kd2 Rg2+ 18. Nge2 Bf2 19. Rh3 O-O-O $36 {1/2 (30) Maksimenko,A (2540)-Talla,V (2452) Legnica 2010}) 10... Nb6 (10... f5 {is less attractive here}) 11. Nh3 (11. Rc1 Nc4 $5 12. b3 Nd6 13. Nh3 g5 $5 14. Be5 Rg8 15. f3 f5 16. Nf2 Ndf7 17. Bh2 Bd6 18. Qd2 fxg4 19. fxg4 Qe7 20. Kd1 O-O-O 21. Kc2 Kb8 22. Rcg1 {1/2 (22) Mchedlishvili,M (2635)-Doettling,F (2544) Evry 2008}) 11... g5 $1 {Quiet play gives White a tiny edge, e.g.} (11... Nc4 $6 12. Bxh6 gxh6 13. Bxc4 dxc4 14. Nf4) (11... Bd6 12. Rg1 Qd7 13. f3 O-O-O 14. Qc2 Kb8 15. O-O-O Bxf4 16. Nxf4 Qe7 17. Bd3 $14 {1-0 (76) Neverov,V (2561)-Sandalakis,A (2350) Paleochora 2009}) 12. hxg6 (12. Bg3 Qd7 13. f3 f5 14. Be5 Rg8 15. Nf2 fxg4 16. Nxg4 Nxg4 17. fxg4 Bd6 18. Bxd6 Qxd6 19. b3 Rf8 20. Kd2 Nd7 21. Qg1 O-O-O 22. Qh2 Qa3 $36 {1/2 (62) Sieciechowicz,M (2454)-Mista,A (2564) Ostroda 2011}) 12... hxg6 13. Be5 {A relatively new move. Other continuations are harmless:} (13. Kd2 Nc4+ 14. Bxc4 dxc4 15. f3 g5 16. Bg3 Qb6 17. Kc2 {1/2 (52) Rowson,J (2586)-Bartholomew,J (2427) London 2012} Nf5 $1 $36 18. gxf5 $140 Bxf5+ 19. Ne4 Bxh3) (13. Bg3 $6 Nxg4 $1 (13... Qd7 14. Nf4 O-O-O 15. Nxe6 Qxe6 16. Rg1 $13 {1-0 (79) Nakamura,H (2753)-Aronian,L (2807) Sao Paulo/Bilbao 2011 CBM 147 [Edouard,R]}) ({RR} 13... Nxg4 14. Bxg4 Qd7) 14. Bxg4 Qd7 15. Bxe6 (15. f3 f5 16. Be5 Rh7 $17) 15... Qxe6 16. Qf3 Rxh3 $17 {E.Postny}) (13. f3 {is the main line but it gives Black a comfortable game. Here is an example:} Bh4+ $1 14. Nf2 (14. Kd2 g5 15. Bh2 f5 16. gxf5 Nxf5 17. Be5 Rh6 18. f4 g4 19. Ng5 Bxg5 20. fxg5 Qxg5 $15 {1/2 (26) Vaisser,A (2505)-Timoscenko,G (2495) Tashkent 1987}) 14... g5 $1 15. Bh2 Qe7 ({the immediate} 15... f5 $5 {may be even better}) 16. Qc2 f5 {The key move of Black's plan.} 17. Be5 Rf8 $36 {[%cal Rf8f2,Rh4f2] 0-1 (30) Onischuk,A (2658)-Lputian,S (2607) Poikovsky 2001 CBM 084 [Dautov]}) ({RR} 13. a4 g5 14. Bg3 a5 15. f3 f5 16. Qb3 fxg4 17. fxg4 Nf7 18. O-O-O Bb4 19. Nf2 Rxh1 20. Rxh1 Qe7 21. Nfd1 O-O-O 22. Na2 Nc4 23. Nxb4 axb4 24. Qc2 Na5 25. Kb1 c5 26. Qxc5+ Qxc5 27. dxc5 d4 {LCZero 0.31-dag-c93c6a8-BT4-6 (3652)-Stockfish dev-20250118-8e3e22 (3683) tcec-chess.com INT 2025 ½-½ (45)}) ({RR} 13. Ng1 g5 14. Bg3 Qd7 15. Rc1 Nc4 16. Qb3 Bd6 17. Bxd6 Nxd6 18. Na4 O-O-O 19. Nc5 Qe7 20. Qa4 Kb8 21. Nxe6 Qxe6 22. Qd1 f5 23. gxf5 Nhxf5 24. Rxh8 Rxh8 25. Bf3 Rh2 26. Kf1 g4 27. Bxg4 Ne4 {Hebbar,E (2233)-Atwell,R (2290) New York USA 2026 0-1}) ({RR} 13. Bg3 Qd7 14. Nf4 O-O-O 15. Nxe6 Qxe6 16. Rg1 Bd6 17. Qc2 Bxg3 18. Rxg3 f5 19. O-O-O Nxg4 20. Bxg4 fxg4 21. Rdg1 Rh4 22. Qe2 Rf8 23. Nd1 Rf4 24. Kd2 Nc4+ 25. Ke1 Rf3 ({RR} 25... Rf6 26. Rxg4 Rh2 27. e4 Qd6 ({RR} 27... Qe7 28. a3 Re6 29. Ne3 Rxe4 30. Rxe4 Qxe4 31. Nxc4 Qxe2+ 32. Kxe2 dxc4 33. Rxg6 Rh3) 28. a3 Re6 29. Kf1 Qd7 30. Ne3 ({RR} 30. e5 c5 31. b3 Nd6) 30... Rf6 ({RR} 30... Nxe3+ 31. Qxe3 dxe4 32. Rxe4 Rxe4 33. Qxe4 Qf7 34. Qg4+) 31. Nd1) 26. Rxf3 gxf3 27. Qxf3 Qf5 {Nakamura,H (2753)-Aronian,L (2807) Sao Paulo/Bilbao 2011 CBM 145 [Edouard,Romain] 1-0 (79)} ({RR} 27... Kd7 28. b3 Nd6)) ({RR} 13. f3 Bh4+) 13... f6 14. Nf4 fxe5 $146 (14... Bf7 $6 15. Qc2 $1 fxe5 16. Nxg6 {is White's idea.}) ({RR} 14... Bf7 15. Qc2 fxe5 16. Nxg6 Rg8 17. Nxe7 Qxe7 18. Rxh6 exd4 19. exd4 Rxg4 20. Qf5 Rg1+ 21. Kd2 Qg5+ 22. Qxg5 Rxg5 23. Rh8+ {½-½ (23) Polak,B (2121)-Neckar,L (2324) Czech Republic 2016}) 15. Nxg6 $1 {[%mdl 512]} (15. Nxe6 Qd6 16. g5 (16. Nc5 O-O-O $17) 16... Qxe6 17. gxh6 e4 {[%cal Ye7f8] - White must fight for equality}) 15... Rg8 $6 {There was no reason to give the piece back.} (15... Rh7 $142 16. Nxe5 (16. dxe5 $5 $44 {E.Gleizerov}) 16... Bh4 17. Qd3 Rg7 18. O-O-O Qf6 19. Rdg1 O-O-O 20. f4 {1/2 (33) Van Seben,E (2426)-Kovacs,A (2463) Lechenicher SchachServer 2010 - White's pawns finally enabled him to equalise. It looks like the whole line is fine for Black.}) 16. Nxe7 Qxe7 17. Rxh6 e4 18. a4 {There was no need to push Black's knight on to better squares.} (18. Kd2 $1 {[%cal Yd1g1] looks very logical. It is not easy for Black to regain the missing pawn or obtain any compensation. If} Nc4+ {then} 19. Bxc4 dxc4 20. Qh1 {[%csl Re4]}) 18... Nd7 19. Qb3 (19. Kd2 $1 {was still possible but now after} Nf6 20. Qh1 Kd7 $1 (20... Bxg4 21. Bxg4 Rxg4 22. Qh3 {, and Black can't castle (E.Gleizerov)}) 21. Rg1 Rg5 {[%cal Ya8g8] it is more difficult to break down Black's defence.}) 19... Nf6 20. Rc1 (20. Rxf6 $6 Qxf6 21. Qxb7 Rc8) 20... Bxg4 (20... O-O-O 21. a5 $36) (20... Nxg4 21. Rxe6 Qxe6 22. Qxb7 Rd8 23. Nd1 $36) 21. Rxf6 Qxf6 22. Qxb7 {Black can't play 22...c8 now but his position remains solid after the other rook retreat.} Rd8 23. Qxa7 Rf8 24. Nd1 Bxe2 25. Kxe2 Qd6 26. Rc5 Rb8 27. Qa5 $6 {A passive move, after which it is Black who seizes the initiative.} (27. Qh7 $5) 27... Kd7 28. Qc3 (28. Qa7+ Qc7) 28... Ra8 {Over-cautious.} (28... Rb7 $142 {[%cal Yf8b8] Perhaps Black will not find a way to break White's defence but he can try.}) 29. a5 Rfb8 30. b4 Rb5 31. Rxb5 cxb5 32. Qc5 Rc8 {Black sacrifices a pawn to activate his rook. Still, this counterplay is only enough for a draw as he does nt have enough power to mate White's king.} (32... Qxc5 33. dxc5 Kc6 34. Nc3 Rh8 {is also drawish.}) 33. Qxb5+ Ke6 34. a6 (34. Qa4 Qc7 {[%cal Yc7c1,Yc8c2] After the invasion of Black's pieces White will give a perpetual.}) 34... Ra8 (34... Ra8 35. a7 Rxa7 36. Qe8+ $11) 1/2-1/2

[Event "Norway Chess 1st"]
[Site "Stavanger"]
[Date "2013.05.18"]
[Round "9"]
[White "Hammer, Jon Ludvig"]
[Black "Nakamura, Hikaru"]
[Result "0-1"]
[WhiteElo "2608"]
[BlackElo "2775"]
[Annotator "Krasenkow,Michal"]
[PlyCount "66"]
[EventDate "2013.05.08"]
[EventType "tourn"]
[EventRounds "9"]
[EventCountry "NOR"]
[EventCategory "21"]
[SourceTitle "CBM 155"]
[Source "ChessBase"]
[SourceDate "2013.07.16"]
[SourceVersion "1"]
[SourceVersionDate "2013.07.16"]
[SourceQuality "1"]

1. d4 d5 2. c4 e6 3. Nf3 c6 4. Nc3 dxc4 5. e3 b5 6. a4 Bb4 7. Bd2 a5 8. axb5 Bxc3 9. Bxc3 cxb5 10. b3 Bb7 11. bxc4 b4 12. Bb2 Nf6 13. Bd3 O-O 14. O-O Nbd7 15. Nd2 Qc7 ({I recommended} 15... e5 {- see CBM 148. However, the text move is possible, too.}) 16. f4 {A seemingly logical move preventing 16...e5. However, it allows Black's queenside pawns to move forward.} (16. f3 $142 {- see Jakovenko - Grigoryan in CBM 142}) 16... a4 $1 17. Rb1 (17. Rxa4 $4 Qc6) (17. e4 a3 18. Bc1 Rfd8 19. e5 {1-0 (27) Kasparov,G (2805)-Tyomkin,D (2310) Tel Aviv 1994} Nc5 $1 20. dxc5 Qxc5+ 21. Kh1 Rxd3 22. exf6 Qd4 $19) 17... Rfd8 {[%cal Rd7c5]} (17... Rfb8 18. e4 Nf8 19. e5 N6d7 20. f5 exf5 21. Rxf5 $36 {1/2 (51) Horvath,D (2386)-Berczes,D (2528) Budapest 2012}) 18. Qe2 b3 (18... Nf8 19. e4 N6d7 20. Qe3 (20. e5 f5 $1 21. exf6 (21. h3 Nc5 $1 22. dxc5 Qd7) 21... Nxf6 22. Qe3 {0-1 (92) Breder,D (2435)-Rombaldoni,D (2465) Budapest 2009} Re8 $13) 20... f6 21. Ba1 b3 22. Be2 e5 23. fxe5 fxe5 24. d5 Ng6 25. Bg4 Qc5 26. Rbe1 Qxe3+ 27. Rxe3 Nc5 28. Bf5 $36 {1-0 (45) Lyukmanov,V (2353)-Altanoch,G (2034) ICCF WS 2006}) 19. Ba1 (19. Ra1 $5 Nb8 20. c5 $13 {[%cal Yd2c4] needs analysis.}) 19... Qd6 $146 {Black renews the ...c5 threat. However, e3-e4-e5 now gains in strength. Practice has seen:} (19... Qb6 20. e4 (20. Kh1 Nf8 21. f5 Re8 22. e4 exf5 23. Rxf5 Rad8 24. d5 N6d7 25. e5 Ng6 $13 {1-0 (38) Yevseev,D (2557)-Zinchenko,Y (2501) Cappelle la Grande 2006}) 20... Nf8 21. e5 Ng4 $1 22. c5 (22. Qxg4 $2 Rxd4) 22... Qb4 23. Nc4 Nh6 $13 {D.Yevseev}) (19... Nf8 20. e4 $13 (20. f5 e5 21. dxe5 {0-1 (31) Soppe,G (2480)-Varela,G (2290) Boca 1997} N6d7 $1 22. e6 Nc5 $36)) (19... Nb8 $5 {[%cal Yb8c6]} 20. f5 (20. d5 Nbd7 21. e4 {0-1 (51) Duzhakov,I (2267)-Kosov,I (2405) Peterhof 2008} exd5 22. cxd5 Qb6+ 23. Kh1 Ba6 $15) (20. e4 Nc6 21. d5 Nb4 22. Rf3 (22. Bxf6 gxf6 $13 {V.Malakhov}) 22... exd5 23. exd5 Qb6+ 24. Qf2 $2 (24. Kh1 Nxd3 25. Rxd3 Bc8 $13 {V.Malakhov}) 24... Qxf2+ 25. Kxf2 Nfxd5 $1 $17 {0-1 (39) Cramling,P (2488)-Turova,I (2413) Dresden 2004}) 20... Nbd7 {[%cal Ye6e5]} (20... Nc6 21. fxe6 fxe6 22. Rxf6 gxf6 23. Qg4+ Qg7 24. Qxe6+ Kh8 25. Be4 Re8 26. Qh3 $13 {1/2 (34) Jakovljevic,V (2461)-Delabaca,R (2164) Kemer 2007}) 21. fxe6 fxe6 22. Nf3 (22. c5 $5 {[%cal Yd2c4]}) 22... Be4 23. Ng5 Bxd3 24. Qxd3 Ne5 25. Qc3 Neg4 26. Rf4 {0-1 (46) Har Zvi,R (2510)-Kantsler,B (2475) Tel Aviv 1996 CBM 053 [Kantsler]} Qa5 $1 27. Qxa5 Rxa5 28. Nxe6 Rb8 $17) 20. e4 Nc5 21. e5 Qc6 22. exf6 Nxd3 23. Qg4 $2 (23. Rf3 $1 b2 (23... Nb4 24. Qe5 g6 25. Qg5 Qe8 26. Rh3 $40 {M.Golubev}) 24. Rxd3 bxa1=Q 25. Rxa1 gxf6 26. f5 $13) 23... g6 24. Rf3 b2 $146 {[%mdl 320]} ({RR} 24... Nc5 25. Qg5 Ne4 26. Nxe4 Qxe4 27. Qh6 Qxb1+ 28. Rf1 {1-0 (28) Garriga Cazorla,P (2478)-Wachinger,G (2215) Chess.com INT 2021}) ({RR} 24... Nc5 25. Qg5 Ne4 26. Nxe4 Qxe4 27. Qh6 Qxb1+ 28. Rf1 {1-0 (28) Garriga Cazorla,P (2478)-Wachinger,G (2215) Chess.com INT 2021}) 25. Qg5 (25. Rxd3 bxa1=Q 26. Rxa1 {now loses due to} Rxd4 $1 27. Rxd4 Qc5 28. f5 Rd8 $19 {M.Golubev}) 25... bxa1=Q 26. Rxa1 Qb6 $1 {This move parries White's attack.} 27. Rxd3 (27. c5 Qb2 28. Rxd3 Qxa1+ 29. Kf2 (29. Nf1 Kf8) 29... Rxd4 30. Qh6 Rxf4+ 31. Qxf4 h5 $19 {M.Golubev}) 27... Rxd4 28. Rb1 Qd8 29. Rxb7 Rxd3 30. Nf3 a3 31. Rxf7 Qb6+ 32. c5 Qb1+ 33. Kf2 Rxf3+ 0-1

[Event "Moscow Aeroflot op-A"]
[Site "Moscow"]
[Date "2005.02.22"]
[Round "8"]
[White "Bacrot, Etienne"]
[Black "Filippov, Valerij"]
[Result "1-0"]
[WhiteElo "2715"]
[BlackElo "2621"]
[Annotator "Dautov,Rustem"]
[PlyCount "35"]
[EventDate "2005.02.15"]
[EventType "swiss"]
[EventRounds "9"]
[EventCountry "RUS"]
[SourceTitle "CBM 106"]
[Source "ChessBase"]
[SourceDate "2005.06.06"]
[SourceVersion "1"]
[SourceVersionDate "2005.06.06"]
[SourceQuality "1"]

1. c4 e6 2. Nc3 d5 3. d4 c6 4. e4 dxe4 5. Nxe4 Bb4+ 6. Bd2 Qxd4 7. Bxb4 Qxe4+ 8. Be2 Na6 9. Bd6 {Ein seltener Zug. In der letzten Zeit war hauptsächlich 9.a5 Gegenstand der theoretischen Diskussion.} (9. Ba5 f6 10. Qd8+ Kf7 $13) 9... f6 $2 {Diese Entwicklungsweise ist zu langsam, außerdem unternimmt Schwarz dabei nichts gegen das bald drohende c4-c5. Laut Theorie soll Schwarz zwischen 9...e5 und 9...b6 wählen.} (9... Qxg2 $2 10. Qd2 Bd7 11. O-O-O O-O-O 12. c5 $16) (9... e5 10. Nf3 Bg4 11. O-O O-O-O 12. Bd3 Qf4 13. Bxe5 Qxe5 14. Nxe5 Bxd1 15. Raxd1 Nh6 16. Bc2 f6 17. Nf3 g6 $11 {Notkin,M-Sveshnikov,E/Cappelle la Grande 1995}) (9... b6 10. Nf3 Bb7 11. O-O Rd8 12. Ne5 Ne7 13. Re1 Qh4 14. g3 Qf6 15. Ng4 Qf5 (15... Qg6 16. Ne5 Qf6 $11 {I.Sokolov}) 16. Qd4 O-O 17. Bd3 Qh5 18. Qf4 Rfe8 19. Rad1 Nf5 20. Be5 Qg6 21. Bb1 $36 {Sokolov,I-Vera,R/Portoroz 1987}) 10. Nf3 Bd7 (10... e5 11. O-O Bf5 (11... Be6 12. Bd3 Qg4 13. Re1 O-O-O 14. Re4 Qh5 15. c5 Bd5 16. Rh4 Qf7 17. Bxa6 bxa6 18. Rb4 $18 {Dyballa,M-Matlak,M/Naleczow 1989}) 12. c5 Nb4 13. Rc1 (13. Qb3 $5) 13... Qd5 14. Qa4 Nd3 15. Rcd1 e4 16. Nd4 Nh6 17. Rxd3 exd3 18. Bf3 $16 {Izoria,Z-Yagupov,I/Batumi 2002}) (10... Ne7 11. O-O c5 12. Qd2 Bd7 13. Rad1 Rd8 14. Ng5 $1 Qf5 15. Bxe7 Kxe7 16. Qd6+ Ke8 17. Rd5 $18 {Jobava,B-Izoria,Z/Tbilisi 2002}) 11. O-O O-O-O $4 {Der schwarze König findet auf dem Damenflügel keine Ruhe, das kleinere Übel war 11...c5.} (11... c5 12. Ng5 $1 fxg5 13. Bh5+ Kd8 14. Bf3 Qd4 15. Bxb7 Rb8 16. Bxa6 Rb6 17. Qxd4 cxd4 18. Be5 Nf6 19. Bb5 Bxb5 20. cxb5 Rxb5 21. Bxd4 $14) ({RR} 11... Nh6 12. c5 Nf7 13. Re1 Qd5 14. Qxd5 cxd5 15. Nd4 Nxd6 16. cxd6 Nc5 17. Rac1 Ne4 18. Bb5 Rd8 19. Bxd7+ Kxd7 20. Rc7+ Kxd6 21. Nb5+ Ke5 22. f3 Rc8 23. fxe4 dxe4 24. Rd1 Rxc7 25. Nxc7 Rc8 26. Rd7 {Mamedov,E (2478)-Biastoch,B (2343) chess.com INT 2026 ½-½ (54)}) 12. Bd3 {[%mdl 128]} Qg4 13. c5 $18 e5 $146 {Es gibt bereits keine Rettung, der direkte weiße Königsangriff entscheidet.} (13... Nh6 14. Bxa6 bxa6 15. Qb3 $18) (13... Nc7 14. Qd2 Kb8 15. Qa5 Rc8 16. Rfe1 $18) ({RR} 13... Nc7 14. h3 Qh5 15. Qa4 a6 16. Qa5 Ne8 17. Qxa6 Nxd6 18. Qa8+ Kc7 19. cxd6+ {1-0 (19) Perrine,D (2308)-Gandhi,S (1899) Orlando 2014}) ({RR} 13... Nc7 14. h3 Qh5 15. Qa4 Kb8 16. Bxc7+ Kxc7 17. Qa5+ Kc8 18. Qxa7 e5 19. Rfd1 Ne7 20. Be2 Qg6 21. Rd3 Be6 22. Rd6 Bxh3 23. Bf1 Nf5 24. Rxc6+ Kd7 25. Nxe5+ fxe5 26. Qxb7+ Ke8 27. Rxg6 hxg6 28. gxh3 {Halkias,S (2571)-Dworakowska,J (2372) Warsaw 2006 1-0}) 14. h3 Qe6 15. Qa4 Nc7 16. Bc4 Qf5 17. Qa5 Ne8 18. Bf7 1-0